| 000 | 00487nam a22001817a 4500 | ||
|---|---|---|---|
| 005 | 20210423061344.0 | ||
| 008 | 210221b1974 ||||| |||| 00| 0 eng d | ||
| 020 | _a0140041265 | ||
| 040 | _cDlC | ||
| 080 |
_a821.111 _bG-45 |
||
| 100 |
_aGilbert Michael _91025 |
||
| 245 | _aFlash Point | ||
| 260 |
_aNew York _bpenguin books _c1974 |
||
| 300 | _a205 p.: | ||
| 650 | 0 |
_9247 _aEnglish literature |
|
| 653 | _aინგლისური ლიტერატურა | ||
| 942 |
_2udc _cBK |
||
| 999 |
_c1606 _d1606 |
||